00484 2200193 4500001002100000005001500021008004100036020001800077035001900095041000700114082001000121090001400131100001500145245003600160260002600196300002900222500001100251650002800262INLIS00000000000321220241224112700241224||||||||| | ||| |||| || |  a979-24-5687-2 0010-1224003212 aid0 a927.8 a927.8 MIC0 aTim Nuansa00aMichael Jackson: Raja Pop Dunia aBandungbNuansac2009 a120 hlm. : ilus. ; 21 cm aCet. 1 0aIlmu Sejarah & Biografi